000 00671nam a22001577a 4500
008 170309b xxu||||| |||| 00| 0 eng d
082 _22016
_aUT 0726
_bC11
100 _919316
_aCaballero, Sol Kharlyle C.
245 _aPrevalence of Coconut leaf Beetle ( Brontispa Longissima) and Extent of Damage in Selected Areas of Davao del Sur.
_cSol Kharlyle C. Caballero, rexylla MAe P. Morales and Joann Rae D. Chiu.
300 _a54 pages;
_b29 cm.
650 0 _919317
_aEducation
_vBiological Science
_xUndergraduate Thesis.
700 _919318
_aCaballero, Sol Kharlyle C.
700 _919319
_aMorales, Rexylla Mae P.
700 _919320
_aChiu, Joann Rae D.
942 _2ddc
_cUT
999 _c6399
_d6399